LEADER 00536nas a2200181 i 4500 001 000000116704 003 CaOOAMICUS 005 20101006000000.0 008 101006b1873 it uu u0 0ita r 013 $a89393 040 $aSeMil$bita 245 10$a[1873 :$b2]. 500 $aManca il front. 774 0 $t[Luglio-Dicembre].$w()273828 850 $aSeMil 852 $aSeMil$W1$xVenegono$y1$m111 1 2$j72119$B72119$CSeMilBibl$Z2$F102970 $82 961 $aRecupero: Scuola Cattolica 996 $6245$a[1873 :$b2]$9(OLS)http://semarc/title/171151 LEADER 01246nam a2200289 i 4500 001 000000119300 003 CaOOAMICUS 005 20031022000000.0 008 031022s2000 it u000 u ita u 013 $a91993 020 $a3-85382-069-7 040 $aSeMil$bita 100 1 $aResch, Andreas.$0(OLS)http://semarc/name/4587 245 12$aI Veggenti di Medjugorje :$bricerca psicofisiologica 1998 /$cAndreas Resch, Giorgio Gagliardi ; in collaborazione con Marco Margnelli ... [et al.]. 260 $aInnsbruck :$bResch,$c2000. 300 $a268 p. :$bill. ;$c24 cm. 500 $aFondo Card. C.M. Martini. 650 4$aMadonna - Apparizioni - Medugorje.$0(OLS)http://semarc/subject/5717 700 1 $aMargnelli, Marco.$0(OLS)http://semarc/name/49762 700 1 $aGagliardi, Giorgio.$0(OLS)http://semarc/name/49761 850 $aSeMil 852 $aSeMil$W1$xVenegono$y1$m2L IV 85$j74531$B74531$CSeMilBibl$Z2$F88907 $81 941 1 $a4 961 $aOmaggio: Martini Card. Carlo Maria 996 $6020$a3-85382-069-7$9(OLS)http://semarc/number/104148 996 $6245$aI Veggenti di Medjugorje :$bricerca psicofisiologica 1998$9(OLS)http://semarc/title/175317 996 $6260$aInnsbruck :$bResch$9(OLS)http://semarc/publisher/45887